[Event "Caissa Guatemala Online"]
[Site "chess.com INT"]
[Date "2021.01.23"]
[Round "1"]
[White "Guzman, Jimmy"]
[Black "Juracan R., Jogli Edbin"]
[Result "1-0"]
[WhiteElo "1867"]
[BlackElo "1315"]
[PlyCount "91"]
[EventDate "2021.01.23"]
[SourceTitle "The Week in Chess 1368"]
[Source "Mark Crowther"]
[SourceDate "2021.01.25"]
[SourceVersion "2"]
[SourceVersionDate "2021.01.26"]
[SourceQuality "2"]

1. e4 e5 2. Nf3 d5 3. Nxe5 Bd6 4. d4 dxe4 5. Nc4 Nf6 6. Bg5 Bf5 7. Nc3 Nbd7 8.
Qd2 a6 9. Be2 Be7 10. Ne3 Bg6 11. h4 h6 12. Bf4 c6 13. O-O-O O-O 14. g4 Ne8 15.
Nf5 Bxf5 16. gxf5 Bxh4 17. Rdg1 Bxf2 18. Rg2 Bh4 19. Bxh6 Bf6 20. Rhg1 Kh7 21.
Rh1 Kg8 22. Nxe4 Nb6 23. Be3 Nd5 24. Rgh2 g6 25. Nxf6+ Qxf6 26. Bg5 Qg7 27. Bh6
Qf6 28. Bxf8 Kxf8 29. fxg6 Qxg6 30. Bd3 Qf6 31. Qe1 Qf4+ 32. Kb1 Nef6 33. Rh8+
Kg7 34. Qg1+ Ng4 35. R1h7+ Kf6 36. Rxa8 Nde3 37. a3 Ke7 38. Rhh8 Qxd4 39. Rhe8+
Kf6 40. Qg3 Qd5 41. Re4 Qd7 42. Qf3+ Kg7 43. Rxe3 Nxe3 44. Qxe3 Qc7 45. Re8 b5
46. Qg5# 1-0

[Event "Rated Blitz tournament hmUPbJyx"]
[Site "?"]
[Date "2021.01.23"]
[Round "?"]
[White "IvanMarinkovic"]
[Black "Korshun_2022"]
[Result "0-1"]
[WhiteElo "2477"]
[BlackElo "2319"]
[PlyCount "89"]
[EventDate "2021.??.??"]
[EventType "blitz"]

1. e4 e5 2. Nf3 d5 3. exd5 e4 4. Qe2 Nf6 5. Nc3 Be7 6. Nxe4 O-O 7. d3 Re8 8.
Be3 Nxd5 9. O-O-O f5 10. Ned2 Nc6 11. g3 Ncb4 12. Kb1 Bf6 13. a3 Nc3+ 14. bxc3
Nd5 15. Qe1 Nxc3+ 16. Kc1 c5 17. Nb1 Qa5 18. Rd2 Nxb1 19. Kxb1 Bc3 20. Qc1 Re6
21. d4 Rb6+ 22. Ka2 Rb2+ 23. Qxb2 Bxb2 24. Bc4+ Kh8 25. Kxb2 b5 26. Bd5 Rb8 27.
dxc5 b4 28. Bb3 Qxa3+ 29. Kb1 Ba6 30. Rhd1 Qa5 31. Ne5 h6 32. Nf7+ Kh7 33. Nd6
Rf8 34. c6 Bc8 35. Nxc8 Rxc8 36. Rd6 Qc7 37. Be6 Re8 38. Bxf5+ Kh8 39. Bd4 b3
40. cxb3 Qa5 41. Rd7 Qxf5+ 42. Kb2 Rg8 43. c7 Qxd7 44. Rd2 Qxc7 45. Bc3 {Normal
} 0-1

[Event "Rated Blitz game"]
[Site "?"]
[Date "2021.01.23"]
[Round "?"]
[White "FlinkerFreddy"]
[Black "KamranShirazi"]
[Result "1-0"]
[WhiteElo "2330"]
[BlackElo "2401"]
[PlyCount "70"]
[EventDate "2021.??.??"]
[EventType "blitz"]

1. e4 e5 2. Nf3 d5 3. Nc3 dxe4 4. Nxe4 f5 5. Nc3 e4 6. Ne5 Qd4 7. f4 Bc5 8.
Qh5+ g6 9. Nxg6 hxg6 10. Qxg6+ Kf8 11. Nb5 Ne7 12. Qg5 Rxh2 13. Nxd4 Rxh1 14.
Qf6+ Ke8 15. Nb5 Na6 16. d4 exd3 17. cxd3 Bd7 18. a4 Bxb5 19. axb5 Nb4 20. Qc3
b6 21. Bd2 Nbd5 22. Qe5 Bd6 23. Qe6 Nxf4 24. Bxf4 Bxf4 25. Kf2 Bd6 26. Re1 Bc5+
27. d4 Bxd4+ 28. Kg3 Bc5 29. Qc6+ Kf7 30. Qxa8 f4+ 31. Kf3 Bd6 32. Bc4+ Kg7 33.
Rxh1 Ng6 34. Qg8+ Kf6 35. Rh6 Ke5 {Normal} 1-0

[Event "Rated Blitz game"]
[Site "?"]
[Date "2021.01.23"]
[Round "?"]
[White "Darmik"]
[Black "Jomajo"]
[Result "1-0"]
[WhiteElo "2475"]
[BlackElo "2589"]
[PlyCount "105"]
[EventDate "2021.??.??"]
[EventType "blitz"]

1. e4 e5 2. Nf3 d5 3. exd5 e4 4. Qe2 Qe7 5. Nd4 Nf6 6. Nc3 Qe5 7. Nb3 Nbd7 8.
d3 exd3 9. cxd3 Bb4 10. Bf4 Qxe2+ 11. Bxe2 Nxd5 12. Bd2 N7f6 13. a3 Bd6 14. Nb5
Bf5 15. Nxd6+ cxd6 16. Nd4 Bg6 17. Rc1 Kd7 18. O-O Rac8 19. g3 Rhe8 20. Rxc8
Rxc8 21. Rc1 Re8 22. Bf1 a6 23. Bh3+ Ke7 24. Nf5+ Bxf5 25. Bxf5 h6 26. Re1+ Kf8
27. Rxe8+ Kxe8 28. Bc8 b6 29. Bxa6 Kd7 30. Bb5+ Kc7 31. Kf1 Ng4 32. h3 Ne5 33.
Ke2 Ne7 34. Bc3 Nf5 35. g4 Ne7 36. f4 N5g6 37. Bxg7 Nxf4+ 38. Kf3 Nxh3 39. Bxh6
Ng6 40. d4 f6 41. Bd3 Ne7 42. Bg7 Ng5+ 43. Ke2 Nd5 44. Bc4 Ne6 45. Bxd5 Nxg7
46. Ke3 Kd7 47. Kf4 Ke7 48. b4 Ne8 49. a4 Nc7 50. Bc6 Na6 51. a5 bxa5 52. bxa5
Nc7 53. Bb7 {Time forfeit} 1-0

[Event "Rated Blitz game"]
[Site "?"]
[Date "2021.01.23"]
[Round "?"]
[White "marcoebasta"]
[Black "RiskyBlitzer"]
[Result "0-1"]
[WhiteElo "2376"]
[BlackElo "2412"]
[PlyCount "26"]
[EventDate "2021.??.??"]
[EventType "blitz"]

1. e4 e5 2. Nf3 d5 3. exd5 e4 4. Qe2 Nf6 5. Nc3 Be7 6. Nxe4 Nxd5 7. d4 O-O 8.
c4 f5 9. cxd5 fxe4 10. Ne5 Qxd5 11. Qc4 Be6 12. Be3 Qa5+ 13. Qc3 Bb4 {Normal}
0-1

[Event "Rated Rapid game"]
[Site "?"]
[Date "2021.01.23"]
[Round "?"]
[White "schnoopdoop"]
[Black "vitvolrapid"]
[Result "0-1"]
[WhiteElo "2383"]
[BlackElo "2527"]
[PlyCount "72"]
[EventDate "2021.??.??"]
[EventType "rapid"]

1. e4 e5 2. Nf3 d5 3. d4 dxe4 4. Nxe5 Nd7 5. Qe2 Ngf6 6. Nc3 Bb4 7. Bg5 O-O 8.
O-O-O h6 9. Bxf6 Nxf6 10. Nxe4 Bf5 11. Ng3 Bh7 12. Qc4 a5 13. Bd3 Bxd3 14. Nxd3
c6 15. c3 Bd6 16. Nf5 Bb8 17. Rhe1 Qd7 18. Ne7+ Kh8 19. Ne5 Bxe5 20. Rxe5 Qg4
21. g3 a4 22. Qe2 Qh3 23. f3 a3 24. b3 Rad8 25. Re1 Nd5 26. Nxd5 cxd5 27. c4
dxc4 28. bxc4 Rxd4 29. Re8 Rxe8 30. Qxe8+ Kh7 31. Qe2 Qc8 32. Qc2+ g6 33. Re4
Qc5 34. Rxd4 Qxd4 35. f4 Qg1+ 36. Kd2 Qxh2+ {Normal} 0-1

[Event "Rated Blitz game"]
[Site "?"]
[Date "2021.01.23"]
[Round "?"]
[White "MensWearhouseGuy"]
[Black "oZJHIGZo"]
[Result "1-0"]
[WhiteElo "2380"]
[BlackElo "2447"]
[PlyCount "93"]
[EventDate "2021.??.??"]
[EventType "blitz"]

1. e4 e5 2. Nf3 d5 3. exd5 e4 4. Qe2 Nf6 5. d3 Qxd5 6. Nbd2 Be6 7. dxe4 Qd7 8.
Qb5 c6 9. Qd3 Qc7 10. Ng5 Bg4 11. h3 Bh5 12. Be2 Bg6 13. O-O Nbd7 14. f4 h6 15.
f5 hxg5 16. fxg6 fxg6 17. Nb3 O-O-O 18. Bxg5 Nc5 19. Qe3 Ncxe4 20. Bxf6 Nxf6
21. Qxa7 Qe5 22. Qa8+ Kc7 23. Qa5+ Qxa5 24. Nxa5 Rd2 25. Bd1 Bc5+ 26. Kh1 Ne4
27. Rf7+ Kb6 28. Nc4+ Kb5 29. Nxd2 Nxd2 30. Rxb7+ Ka6 31. Rxg7 Rf8 32. Be2+ Kb6
33. Rd1 Ne4 34. Kh2 Bd6+ 35. Rxd6 Nxd6 36. Rxg6 Nf5 37. Bf3 Nd4 38. Be4 Rf2 39.
c3 Re2 40. cxd4 Rxe4 41. d5 Re2 42. dxc6 Rxb2 43. h4 Rxa2 44. h5 Rc2 45. h6 Rc5
46. g4 Rxc6 47. Rxc6+ {Normal} 1-0

[Event "Rated Blitz tournament rgtYa4Ng"]
[Site "?"]
[Date "2021.01.23"]
[Round "?"]
[White "Worldchamp10"]
[Black "Archy17"]
[Result "0-1"]
[WhiteElo "2242"]
[BlackElo "2413"]
[PlyCount "77"]
[EventDate "2021.??.??"]
[EventType "blitz"]

1. e4 e5 2. Nf3 d5 3. Nxe5 Bd6 4. d4 dxe4 5. Nc3 Bxe5 6. dxe5 Qxd1+ 7. Kxd1 Bf5
8. Bf4 Nc6 9. Bb5 O-O-O+ 10. Kc1 Nd4 11. Bc4 Bg6 12. h4 h5 13. Rd1 Ne7 14. Be3
Nef5 15. Bd5 Nxe3 16. fxe3 Nf5 17. Bxe4 Nxh4 18. Bxg6 Nxg6 19. Rf1 Nxe5 20. b3
f6 21. Kb2 Rd2 22. Rad1 Rxg2 23. Ne4 h4 24. Nc5 h3 25. Ne6 h2 26. Nf4 Rg3 27.
e4 b6 28. Rh1 Rg4 29. Ne6 Rg2 30. Nf4 Rf2 31. Ne6 g5 32. Nd4 g4 33. Nf5 Rxf5
34. exf5 g3 35. Rd2 Rg8 36. Rg2 Nf3 37. Kc3 Nh4 38. Rhxh2 gxh2 39. Rxg8+ {
Normal} 0-1

[Event "Rated Rapid game"]
[Site "?"]
[Date "2021.01.23"]
[Round "?"]
[White "MAGICIANFROMHEAVEN"]
[Black "BobbyFischerv10"]
[Result "1/2-1/2"]
[WhiteElo "2372"]
[BlackElo "2425"]
[PlyCount "28"]
[EventDate "2021.??.??"]
[EventType "rapid"]

1. e4 e5 2. Nf3 d5 3. exd5 Nf6 4. Bb5+ Bd7 5. Qe2 Bd6 6. d4 e4 7. Bxd7+ Nbxd7
8. Ng5 O-O 9. O-O Re8 10. c4 c5 11. dxc6 bxc6 12. Nc3 h6 13. Nh3 Nf8 14. Be3
Ng6 {Normal} 1/2-1/2

[Event "Rated Blitz tournament bZz9evtJ"]
[Site "?"]
[Date "2021.01.23"]
[Round "?"]
[White "vian_ra"]
[Black "tingkertoe"]
[Result "0-1"]
[WhiteElo "2432"]
[BlackElo "2205"]
[PlyCount "58"]
[EventDate "2021.??.??"]
[EventType "blitz"]

1. e4 e5 2. Nf3 d5 3. d3 dxe4 4. dxe4 Qxd1+ 5. Kxd1 f6 6. a4 Nc6 7. Nc3 Bg4 8.
h3 O-O-O+ 9. Ke1 Bxf3 10. gxf3 Nb4 11. Rb1 Nxc2+ 12. Ke2 Nd4+ 13. Ke1 Nxf3+ 14.
Ke2 Nd4+ 15. Ke1 Bb4 16. Bc4 Ne7 17. Kf1 Ng6 18. Na2 Be7 19. b4 Nf4 20. Nc3 g5
21. b5 Nf3 22. Nd5 Bc5 23. Bxf4 gxf4 24. Rd1 c6 25. bxc6 bxc6 26. Be2 cxd5 27.
Bxf3 dxe4 28. Rxd8+ Rxd8 29. Bxe4 Rd2 {Normal} 0-1

[Event "Rated Blitz game"]
[Site "?"]
[Date "2021.01.23"]
[Round "?"]
[White "Bulletking179"]
[Black "Jomajo"]
[Result "1-0"]
[WhiteElo "2495"]
[BlackElo "2562"]
[PlyCount "133"]
[EventDate "2021.??.??"]
[EventType "blitz"]

1. e4 e5 2. Nf3 d5 3. d3 dxe4 4. dxe4 Qxd1+ 5. Kxd1 Bg4 6. c3 Bc5 7. Be3 Bxe3
8. fxe3 Nf6 9. Bd3 Nbd7 10. Nbd2 O-O-O 11. Ke2 h6 12. Bc2 Rhe8 13. h3 Bh5 14.
g4 Bg6 15. Nh4 Nc5 16. Nf5 Bxf5 17. gxf5 Rd7 18. b4 Red8 19. Rad1 Na6 20. Nc4
Re7 21. Rxd8+ Kxd8 22. Rg1 Ne8 23. Rd1+ Kc8 24. Bb3 f6 25. Na5 Nd6 26. Be6+ Kb8
27. Nc4 b6 28. Nxd6 cxd6 29. Rxd6 Kc7 30. Rd1 Nb8 31. b5 g5 32. a4 Nd7 33. Bxd7
Rxd7 34. Rd5 h5 35. c4 Rg7 36. Kf3 g4+ 37. hxg4 Rxg4 38. c5 bxc5 39. Rxc5+ Kb7
40. Rc6 Rg1 41. a5 Rb1 42. a6+ Kb8 43. Rxf6 Rxb5 44. Rc6 Rb1 45. Kg3 Re1 46.
Rc3 Rh1 47. Rc2 Re1 48. Kf3 Rf1+ 49. Rf2 Rh1 50. Kg3 Rg1+ 51. Kh4 Kc7 52. Kxh5
Kd7 53. f6 Ke8 54. f7+ Kf8 55. Kh4 Rg6 56. Kh3 Rxa6 57. Kg4 Rb6 58. Kf5 Kxf7
59. Kxe5+ Ke7 60. Rh2 Rb5+ 61. Kf4 a5 62. Rh7+ Kd6 63. Ra7 Kc5 64. Rc7+ Kb6 65.
Rc1 a4 66. Rd1 Ra5 67. Rd6+ {Time forfeit} 1-0

[Event "Rated Blitz game"]
[Site "?"]
[Date "2021.01.23"]
[Round "?"]
[White "Kabeljaukrieger"]
[Black "Jomajo"]
[Result "0-1"]
[WhiteElo "2512"]
[BlackElo "2565"]
[PlyCount "76"]
[EventDate "2021.??.??"]
[EventType "blitz"]

1. e4 e5 2. Nf3 d5 3. exd5 e4 4. Qe2 Qe7 5. Nd4 Nf6 6. Nc3 Qe5 7. Nf3 Qe7 8.
Ng5 Bf5 9. d3 exd3 10. Qxe7+ Bxe7 11. Bxd3 Bxd3 12. cxd3 Na6 13. Bf4 Nb4 14.
O-O-O Nfxd5 15. Nxd5 Nxd5 16. Bd2 Bxg5 17. Bxg5 f6 18. Bh4 c6 19. Bg3 Kd7 20.
Kd2 a5 21. Rhe1 a4 22. Re4 Ra5 23. Rde1 Rb5 24. Kc1 Ra8 25. a3 Rb3 26. Kc2 Ra5
27. Rxa4 Rxb2+ 28. Kxb2 Rxa4 29. Kb3 b5 30. Re4 Nb6 31. f3 f5 32. Rxa4 Nxa4 33.
Kb4 Ke6 34. Bf2 Kd5 35. h3 g6 36. g4 fxg4 37. fxg4 Nb2 38. d4 Nd3+ {Normal} 0-1

[Event "Rated Blitz tournament hmUPbJyx"]
[Site "?"]
[Date "2021.01.23"]
[Round "?"]
[White "peshka_f"]
[Black "KrAKeN_1"]
[Result "0-1"]
[WhiteElo "2245"]
[BlackElo "2445"]
[PlyCount "124"]
[EventDate "2021.??.??"]
[EventType "blitz"]

1. e4 e5 2. Nf3 d5 3. exd5 e4 4. Nd4 Qxd5 5. Nb3 Qe5 6. Nc3 Bd6 7. Be2 Nf6 8.
d3 exd3 9. Qxd3 O-O 10. Be3 Bf5 11. Qd2 Nc6 12. O-O-O Nb4 13. Bd3 Bxd3 14. cxd3
a5 15. a3 Nbd5 16. Nxd5 Nxd5 17. Bd4 Qf5 18. g4 Qf3 19. Kb1 a4 20. Nc5 Qxg4 21.
Ne4 Bf4 22. Qc2 f6 23. Rhg1 Qe6 24. Nc5 Qf7 25. Nxb7 Rab8 26. Nc5 Be5 27. Bxe5
fxe5 28. Qc4 Kh8 29. Rg3 Qxf2 30. Nxa4 Ne3 31. Rxe3 Qxe3 32. Nc3 Rf2 33. b4
Rxh2 34. Nd5 Qf2 35. Qb3 c5 36. b5 Rd8 37. Nc3 c4 38. dxc4 Rxd1+ 39. Nxd1 Qd2
40. b6 Rh1 41. b7 Rxd1+ 42. Qxd1 Qxd1+ 43. Kb2 Qd4+ 44. Kb3 Qb6+ 45. Kc3 Qxb7
46. c5 Qc6 47. Kc4 e4 48. Kd4 e3 49. Kxe3 Qxc5+ 50. Kd3 Qxa3+ 51. Kd4 Qd6+ 52.
Ke4 Qf6 53. Ke3 h5 54. Kd3 h4 55. Ke4 h3 56. Ke3 h2 57. Ke4 h1=Q+ 58. Kd3 Qhf3+
59. Kc4 Q6f4+ 60. Kb5 Qf5+ 61. Kb6 Q3e4 62. Kc7 Qee5+ {Normal} 0-1

[Event "Rated Blitz game"]
[Site "?"]
[Date "2021.01.23"]
[Round "?"]
[White "VadimCernov"]
[Black "Jomajo"]
[Result "1-0"]
[WhiteElo "2518"]
[BlackElo "2548"]
[PlyCount "115"]
[EventDate "2021.??.??"]
[EventType "blitz"]

1. e4 e5 2. Nf3 d5 3. Nxe5 Bd6 4. d4 dxe4 5. Bc4 Bxe5 6. Qh5 Qe7 7. Qxe5 Qxe5
8. dxe5 Nc6 9. Nc3 Nge7 10. Nb5 O-O 11. Nxc7 Rb8 12. Bg5 Ng6 13. e6 fxe6 14.
Nxe6 Bxe6 15. Bxe6+ Kh8 16. Rd1 Rbe8 17. Bb3 Nf4 18. Bxf4 Rxf4 19. O-O Re7 20.
Rd6 g6 21. Rfd1 Rf5 22. c3 Rfe5 23. Rd7 Kg7 24. Rxe7+ Rxe7 25. Kf1 Ne5 26. Ke2
Nd3 27. g3 Nxb2 28. Rd4 b5 29. Bc2 e3 30. fxe3 Nc4 31. e4 a6 32. Bb3 Ne5 33.
Rd6 Ng4 34. Rxa6 Nxh2 35. Bd5 Ng4 36. Kd3 Ne5+ 37. Kd4 Nf3+ 38. Ke3 Ne5 39. Ra5
Nc4+ 40. Kd4 Nxa5 41. Kc5 Nc4 42. a4 Na5 43. axb5 h5 44. Kd4 g5 45. e5 h4 46.
gxh4 gxh4 47. c4 Nb3+ 48. Ke4 Nc5+ 49. Kf5 Nd7 50. e6 Nb6 51. Bg2 Nxc4 52. Bh3
Nd6+ 53. Ke5 Nxb5 54. Kd5 Nc7+ 55. Kd6 Rxe6+ 56. Kxc7 Re3 57. Bd7 h3 58. Bc6 {
Time forfeit} 1-0

[Event "Rated Blitz tournament hmUPbJyx"]
[Site "?"]
[Date "2021.01.23"]
[Round "?"]
[White "Klimenko_Sergey_IM"]
[Black "KrAKeN_1"]
[Result "1-0"]
[WhiteElo "2402"]
[BlackElo "2448"]
[PlyCount "81"]
[EventDate "2021.??.??"]
[EventType "blitz"]

1. e4 e5 2. Nf3 d5 3. Qe2 Nf6 4. exd5 e4 5. Nc3 Be7 6. Nxe4 Nxd5 7. Qb5+ c6 8.
Qb3 Bf5 9. d3 Nd7 10. Be2 O-O 11. O-O Qc7 12. Bd2 Rae8 13. Rfe1 Bf6 14. Nxf6+
N7xf6 15. h3 Nf4 16. Bf1 Ng6 17. Rxe8 Rxe8 18. Re1 Be6 19. Qa3 Nd5 20. Qxa7
Ndf4 21. Qd4 Rd8 22. Qe3 Nd5 23. Qe4 Nf6 24. Qe2 Ra8 25. a3 Ra4 26. Ne5 Nf4 27.
Qf3 Bd5 28. Qg3 N4h5 29. Qe3 Nf4 30. b3 Nxh3+ 31. Qxh3 Ra8 32. a4 h6 33. Bc3
Re8 34. Qg3 Nh5 35. Qh4 Nf6 36. Qd4 b6 37. Nf3 Rd8 38. Qe5 Qd7 39. Qe7 Qc8 40.
Bxf6 Re8 41. Qxe8+ {Normal} 1-0

[Event "Rated Blitz game"]
[Site "?"]
[Date "2021.01.23"]
[Round "?"]
[White "Jirkar"]
[Black "Jomajo"]
[Result "0-1"]
[WhiteElo "2560"]
[BlackElo "2552"]
[PlyCount "104"]
[EventDate "2021.??.??"]
[EventType "blitz"]

1. e4 e5 2. Nf3 d5 3. Nxe5 Bd6 4. d4 dxe4 5. Nc4 Nf6 6. Be2 O-O 7. O-O Nc6 8.
Nc3 Nxd4 9. Nxd6 Qxd6 10. Be3 Nxe2+ 11. Qxe2 Ng4 12. g3 Qg6 13. Bf4 f5 14. Nd5
Qh5 15. h4 c6 16. Ne3 Qg6 17. Nxg4 fxg4 18. Rad1 Bf5 19. Rd6 Qf7 20. b3 Rad8
21. Rfd1 Rxd6 22. Rxd6 h6 23. Qe3 a6 24. a4 Re8 25. a5 Re6 26. Rd8+ Re8 27. Rd1
Qe7 28. Bd6 Qe6 29. Ba3 Qe5 30. Bb4 Kh7 31. Bc3 Qe7 32. Qf4 Bg6 33. Qe3 Rf8 34.
Qd4 e3 35. Qxe3 Qxe3 36. fxe3 Rf7 37. Rd2 Be4 38. Be5 Rf5 39. Bf4 Rxa5 40. Rd7
Rb5 41. Kf2 Kg6 42. Ke2 Kf6 43. Bc7 Bxc2 44. Bd8+ Kg6 45. Rd6+ Kh7 46. Rd7 Kg6
47. Rd6+ Kf7 48. Rd4 Bxb3 49. Rf4+ Ke8 50. Bc7 Be6 51. Re4 Kd7 52. Be5 a5 {
Normal} 0-1

[Event "Rated Blitz tournament p1VPu6Uk"]
[Site "?"]
[Date "2021.01.23"]
[Round "?"]
[White "Grygoriy12345"]
[Black "Trompetillas"]
[Result "1-0"]
[WhiteElo "2405"]
[BlackElo "2258"]
[PlyCount "62"]
[EventDate "2021.??.??"]
[EventType "blitz"]

1. e4 e5 2. Nf3 d5 3. d3 Nc6 4. Nbd2 Nf6 5. Be2 Bc5 6. O-O O-O 7. c3 dxe4 8.
dxe4 a6 9. Qc2 b5 10. a4 b4 11. Nc4 Re8 12. Be3 Bf8 13. Rfd1 Qe7 14. Bg5 Qe6
15. Ne3 h6 16. Bc4 b3 17. Bxb3 Nb4 18. cxb4 Qb6 19. Bxf6 Qxf6 20. Nd5 Qg6 21.
Kh1 Bg4 22. Bc4 Red8 23. Ne3 Bxf3 24. gxf3 Qh5 25. Be2 Bxb4 26. Nf5 a5 27.
Rxd8+ Rxd8 28. Rd1 Re8 29. b3 Re6 30. Rg1 g6 31. Qxc7 Kh7 {Normal} 1-0

[Event "Rated Blitz game"]
[Site "?"]
[Date "2021.01.23"]
[Round "?"]
[White "Peschechod"]
[Black "RiskyBlitzer"]
[Result "1-0"]
[WhiteElo "2248"]
[BlackElo "2407"]
[PlyCount "119"]
[EventDate "2021.??.??"]
[EventType "blitz"]

1. e4 e5 2. Nf3 d5 3. exd5 e4 4. Ne5 Qxd5 5. d4 exd3 6. Nxd3 Bf5 7. Nc3 Qe6+ 8.
Qe2 Qxe2+ 9. Bxe2 Nf6 10. Bd2 Be7 11. O-O-O O-O 12. Bf3 c6 13. Rhe1 Bd8 14. Ne4
Nxe4 15. Bxe4 Bxe4 16. Rxe4 Nd7 17. Bc3 Bb6 18. f3 Rfe8 19. Rde1 Rxe4 20. Rxe4
Kf8 21. g4 f6 22. Nf4 Kf7 23. b4 Re8 24. Rxe8 Kxe8 25. Kd2 Bc7 26. Ke3 g5 27.
Nh5 Kf7 28. Ng3 Bxg3 29. hxg3 Ke6 30. Ke4 Nb6 31. Bd4 Nc8 32. a4 b6 33. a5 bxa5
34. bxa5 a6 35. Bc5 Nd6+ 36. Bxd6 Kxd6 37. Kf5 Ke7 38. f4 gxf4 39. gxf4 Kf7 40.
c3 Ke7 41. c4 Kf7 42. c5 Ke7 43. g5 fxg5 44. fxg5 Kf7 45. Kf4 Kg6 46. Kg4 Kf7
47. Kh4 Kg6 48. Kg4 Kg7 49. Kh5 Kh8 50. Kh6 Kg8 51. g6 hxg6 52. Kxg6 Kf8 53.
Kf6 Ke8 54. Ke6 Kd8 55. Kd6 Kc8 56. Kxc6 Kb8 57. Kb6 Kc8 58. Kxa6 Kc7 59. Kb5
Kb7 60. a6+ {Normal} 1-0

[Event "Rated Blitz game"]
[Site "?"]
[Date "2021.01.23"]
[Round "?"]
[White "Kabeljaukrieger"]
[Black "Jomajo"]
[Result "0-1"]
[WhiteElo "2533"]
[BlackElo "2544"]
[PlyCount "116"]
[EventDate "2021.??.??"]
[EventType "blitz"]

1. e4 e5 2. Nf3 d5 3. d3 dxe4 4. dxe4 Qxd1+ 5. Kxd1 Bg4 6. Be3 Nd7 7. Nbd2
O-O-O 8. c3 Bc5 9. Bxc5 Nxc5 10. Kc2 Bxf3 11. gxf3 Ne7 12. b4 Ne6 13. Bc4 Rd6
14. Rhg1 Ng6 15. Bb3 Rhd8 16. Nc4 Rd3 17. h4 Rxf3 18. Raf1 h5 19. Ne3 Ngf4 20.
Nd5 Nh3 21. Rg3 Rxf2+ 22. Rxf2 Nxf2 23. Rf3 Nxe4 24. Rxf7 Nf4 25. Nxf4 exf4 26.
Rxf4 Nf6 27. Be6+ Kb8 28. c4 Re8 29. Bf5 c6 30. Kc3 Re2 31. a4 Kc7 32. a5 Rh2
33. Bd3 Rh3 34. Kd4 Rg3 35. Bf5 b6 36. axb6+ axb6 37. Rf1 Kd6 38. c5+ bxc5+ 39.
bxc5+ Kc7 40. Ra1 Rf3 41. Bd3 Rf4+ 42. Ke3 Rxh4 43. Ra7+ Kd8 44. Rxg7 Nd5+ 45.
Kd2 Rd4 46. Rg8+ Ke7 47. Rg7+ Kf6 48. Rg6+ Ke5 49. Rg5+ Ke6 50. Rxh5 Rxd3+ 51.
Kxd3 Nf4+ 52. Ke4 Nxh5 53. Kd4 Nf6 54. Kc4 Ke5 55. Kb4 Kd5 56. Ka5 Kxc5 57. Ka6
Kd5 58. Kb7 c5 {Normal} 0-1

[Event "Rated Blitz game"]
[Site "?"]
[Date "2021.01.23"]
[Round "?"]
[White "lellino"]
[Black "Jomajo"]
[Result "0-1"]
[WhiteElo "2392"]
[BlackElo "2540"]
[PlyCount "86"]
[EventDate "2021.??.??"]
[EventType "blitz"]

1. e4 e5 2. Nf3 d5 3. Nxe5 Bd6 4. d4 dxe4 5. Nc3 Bxe5 6. dxe5 Qxd1+ 7. Kxd1 Nc6
8. Nxe4 Nxe5 9. Bf4 Bg4+ 10. Be2 O-O-O+ 11. Ke1 Bxe2 12. Kxe2 Ng6 13. Bg3 Re8
14. Kf3 h5 15. h3 N8e7 16. Rhe1 Nc6 17. c3 h4 18. Bh2 Nce5+ 19. Bxe5 Nxe5+ 20.
Ke2 Nc4 21. Kd3 Nxb2+ 22. Kc2 Nc4 23. Ng5 f6 24. Nf3 g5 25. Nd4 Nd6 26. f3 Kd7
27. Kd3 c5 28. Nc2 Rxe1 29. Rxe1 Re8 30. Rxe8 Kxe8 31. c4 Kd7 32. a4 Ke6 33.
Ne3 b6 34. Ng4 Nf5 35. Nf2 Ne7 36. Ne4 Nc6 37. Nc3 Ne5+ 38. Ke4 Nxc4 39. Nb5
Nd6+ 40. Kd3 Nxb5 41. axb5 Kd5 42. Kc3 c4 43. Kb4 Kd4 {Normal} 0-1

[Event "Rated Rapid game"]
[Site "?"]
[Date "2021.01.22"]
[Round "?"]
[White "yuvalb"]
[Black "Maltinho"]
[Result "0-1"]
[WhiteElo "2257"]
[BlackElo "2496"]
[PlyCount "76"]
[EventDate "2021.??.??"]
[EventType "rapid"]

1. e4 e5 2. Nf3 d5 3. Nxe5 Bd6 4. d4 dxe4 5. Nc3 Bxe5 6. dxe5 Qxd1+ 7. Nxd1 Nc6
8. Nc3 Bf5 9. Bb5 Nge7 10. Bf4 O-O-O 11. O-O Nd4 12. Ba4 Ng6 13. Bg3 h5 14. h4
c6 15. Rfe1 e3 16. Rxe3 Bxc2 17. Rc1 Bxa4 18. Nxa4 Nf5 19. Rb3 Nd4 20. Re3 Rhe8
21. b4 Nf5 22. Rec3 Nxg3 23. fxg3 Rxe5 24. Nc5 Rd2 25. b5 Ree2 26. Nd3 Rxg2+
27. Kh1 Rxg3 28. bxc6 b6 29. Nb4 Rxc3 30. Rxc3 Rd4 31. a3 Rxh4+ 32. Kg2 Rd4 33.
Re3 Nf4+ 34. Kf3 Ne6 35. Re5 g6 36. Nd5 Ra4 37. Ne7+ Kc7 38. Rd5 Nd4+ {Normal}
0-1

[Event "Rated Rapid game"]
[Site "?"]
[Date "2021.01.22"]
[Round "?"]
[White "j7s7l7"]
[Black "Maltinho"]
[Result "0-1"]
[WhiteElo "2298"]
[BlackElo "2500"]
[PlyCount "104"]
[EventDate "2021.??.??"]
[EventType "rapid"]

1. e4 e5 2. Nf3 d5 3. Nxe5 Bd6 4. d4 dxe4 5. f4 Ne7 6. Bc4 O-O 7. O-O c5 8. Be3
cxd4 9. Bxd4 Nbc6 10. Nxc6 Nxc6 11. Bc3 Qc7 12. Nd2 Bxf4 13. Nxe4 Bxh2+ 14. Kh1
Ne5 15. Bxe5 Bxe5 16. Rxf7 Rxf7 17. Bxf7+ Kxf7 18. Qd5+ Kg6 19. Rf1 Bf5 20. g4
Bxg4 21. Rg1 h5 22. Qe6+ Kh7 23. Ng5+ Kh8 24. Rxg4 hxg4 25. Nf7+ Kh7 26. Ng5+
Kh8 27. Nf7+ Qxf7 28. Qxf7 Bf6 29. Qh5+ Kg8 30. Qxg4 Rd8 31. Qc4+ Kf8 32. Qb4+
Ke8 33. Qxb7 Rd1+ 34. Kg2 Rd2+ 35. Kf3 Rd7 36. Qa8+ Ke7 37. Qe4+ Kd6 38. Qd3+
Kc7 39. Qa6 Kb8 40. Qb5+ Rb7 41. Qe8+ Kc7 42. Qf7+ Kb6 43. Qb3+ Kc6 44. Qe6+
Kc7 45. Qf7+ Kc6 46. Qe6+ Kc5 47. Qf5+ Kb6 48. Qe6+ Ka5 49. Qd5+ Rb5 50. Qa8
Bd4 51. Qc8 Bb6 52. Qc6 Ka6 {Time forfeit} 0-1

[Event "Rated Blitz tournament BoZCfgAf"]
[Site "?"]
[Date "2021.01.22"]
[Round "?"]
[White "purepecha1"]
[Black "khalid_ontawar"]
[Result "1-0"]
[WhiteElo "2412"]
[BlackElo "2239"]
[PlyCount "35"]
[EventDate "2021.??.??"]
[EventType "blitz"]

1. e4 e5 2. Nf3 d5 3. Nxe5 Qe7 4. d4 f6 5. Nd3 dxe4 6. Nf4 Nc6 7. c3 Bd7 8. Nd5
Qf7 9. Bc4 Kd8 10. Nb6 Qg6 11. Nxa8 Qxg2 12. Rf1 Bh3 13. Bf4 Bd6 14. Bxd6 cxd6
15. Nd2 Qxh2 16. Qe2 Bxf1 17. Nxf1 f5 18. Nxh2 {Normal} 1-0

[Event "Rated Rapid game"]
[Site "?"]
[Date "2021.01.22"]
[Round "?"]
[White "yuvalb"]
[Black "Maltinho"]
[Result "0-1"]
[WhiteElo "2252"]
[BlackElo "2507"]
[PlyCount "56"]
[EventDate "2021.??.??"]
[EventType "rapid"]

1. e4 e5 2. Nf3 d5 3. Nxe5 Bd6 4. d4 dxe4 5. f4 Nf6 6. Bc4 O-O 7. O-O c5 8. c3
cxd4 9. cxd4 Nc6 10. Nc3 Qe7 11. Nb5 Bb8 12. h3 a6 13. Nc3 Nxd4 14. Be3 Nf5 15.
Bb6 Bxe5 16. fxe5 Qxe5 17. Qb3 e3 18. Rae1 Be6 19. Bxe6 fxe6 20. Nd1 Nd5 21.
Nxe3 Nfxe3 22. Rxf8+ Rxf8 23. Bxe3 Qg3 24. Bd2 Qf2+ 25. Kh1 Qxd2 26. Rxe6 Rf1+
27. Kh2 Qf4+ 28. Qg3 Rh1+ {Normal} 0-1

[Event "Rated Rapid game"]
[Site "?"]
[Date "2021.01.22"]
[Round "?"]
[White "charmgame"]
[Black "Dr_Lenk"]
[Result "1-0"]
[WhiteElo "2434"]
[BlackElo "2258"]
[PlyCount "69"]
[EventDate "2021.??.??"]
[EventType "rapid"]

1. e4 e5 2. Nf3 d5 3. exd5 e4 4. Qe2 Nf6 5. Nc3 Bc5 6. d4 Bb4 7. Qb5+ c6 8.
Qxb4 exf3 9. Bg5 Nxd5 10. Nxd5 f6 11. Nxf6+ gxf6 12. Be3 a5 13. Qd2 Bg4 14. g3
Qd5 15. c4 Qd6 16. Bd3 Qb4 17. h3 Bh5 18. a3 Qxd2+ 19. Kxd2 Nd7 20. Rhe1 O-O-O
21. Kc3 Bg6 22. Bf1 h5 23. h4 f5 24. Bg5 Rde8 25. b4 b6 26. Bd3 Kc7 27. Bc2
Rhf8 28. Kd2 c5 29. Bf4+ Kc8 30. Bd6 Rxe1 31. Rxe1 Rf6 32. bxc5 bxc5 33. dxc5
Nb8 34. Re7 Rf7 35. Re8+ {Normal} 1-0

[Event "Rated Blitz game"]
[Site "?"]
[Date "2021.01.22"]
[Round "?"]
[White "S_Guliev"]
[Black "gameoverbro"]
[Result "0-1"]
[WhiteElo "2397"]
[BlackElo "2457"]
[PlyCount "80"]
[EventDate "2021.??.??"]
[EventType "blitz"]

1. e4 e5 2. Nf3 d5 3. exd5 e4 4. Nd4 Qxd5 5. c3 Qe5 6. Bc4 Bc5 7. Nb3 Bd6 8.
Qe2 Nf6 9. d4 exd3 10. Qxe5+ Bxe5 11. Bxd3 Nc6 12. O-O O-O 13. Re1 Rd8 14. Bc4
b6 15. Bg5 Bb7 16. N1d2 a5 17. Nf3 Bd6 18. Bxf6 gxf6 19. Nbd4 Ne5 20. Nxe5 fxe5
21. Nf5 Rd7 22. Re3 e4 23. Rh3 Re8 24. Re1 Bf4 25. Rh4 Bd2 26. Re2 Bxc3 27. Re3
Rd1+ 28. Bf1 Ba6 29. Rg3+ Kf8 30. h3 Rxf1+ 31. Kh2 Be5 32. Rxh7 Bxg3+ 33. Kxg3
Kg8 34. Rg7+ Kh8 35. Rxf7 Rg8+ 36. Kh2 Rxf2 37. h4 Rfxg2+ 38. Kh3 Bc8 39. h5
R2g3+ 40. Kh4 R8g4# {Normal} 0-1